| 000 | 00417cam a2200169ua 4500 | ||
|---|---|---|---|
| 020 | _c2.00 | ||
| 041 |
_amal _h |
||
| 082 |
_a341.23 _bSAN/AI |
||
| 100 | _aSankara menon, K.P . | ||
| 245 |
_aAikyarashtra Sangadana / _cK.P.Sankara menon. _hTextual Documents |
||
| 260 |
_aKodungallur : _bKerala book house , _c1965. |
||
| 300 | _a124 ; . | ||
| 365 | _a2.00 | ||
| 504 | _a | ||
| 942 | _cBK | ||
| 999 |
_c800 _d800 |
||